| 000 | 00545nam a22001697a 4500 | ||
|---|---|---|---|
| 003 | NUST | ||
| 038 | _aNusrat Nadeem | ||
| 082 | _a200 | ||
| 100 |
_aAsif, Aiza _997246 |
||
| 245 |
_aArchitectural Implementation of Elliptic Curve Point Multiplication Over Binary Field / _cAiza Asif |
||
| 264 |
_aIslamabad : _bSEECS, NUST, _c2022. |
||
| 300 | _a59 p. ; | ||
| 650 |
_aMS-Electrical Engineering _923567 |
||
| 700 |
_aSupervisor: Dr. Khawar Khurshid _991908 |
||
| 856 | _uhttp://10.250.8.41:8080/xmlui/handle/123456789/29957 | ||
| 942 |
_2ddc _cSC |
||
| 999 |
_c591003 _d591003 |
||